|
|
|
|
| LEADER |
00782nta a2200193 i 4500 |
| 001 |
dipl129920 |
| 005 |
20220920153432.0 |
| 008 |
220920s2011 hu om 0|| hun d |
| 040 |
|
|
|a SZTE Diploma Repozitórium
|b hun
|
| 041 |
|
|
|a hun
|
| 100 |
2 |
|
|a Vérné Beinschróth Zsuzsanna
|
| 245 |
1 |
2 |
|a A rokkantsági nyugdíj és a rehabilitációs járadék
|h [elektronikus dokumentum] /
|c Zsuzsanna Vérné Beinschróth
|
| 246 |
1 |
0 |
|a The disability pension and the rehabilitation allowance
|h [elektronikus dokumentum]
|
| 260 |
|
|
|c 2011
|
| 650 |
|
4 |
|a Jogi és igazgatási tanulmányok
|
| 650 |
|
4 |
|a Social sciences
|
| 650 |
|
4 |
|a Other social sciences
|
| 700 |
1 |
|
|a Bangha Ágnes
|e ths
|
| 856 |
4 |
0 |
|u https://diploma.bibl.u-szeged.hu/id/eprint/129920/1/2011_verne_beinschroth_zsuzsanna.pdf
|z Dokumentum-elérés
|